[Event "SVK-chT1W 1516"]
[Site "Slovakia"]
[Date "2015.11.15"]
[Round "4.6"]
[White "Balogh, Peter"]
[Black "Puchovsky, Ladislav"]
[Result "1/2-1/2"]
[WhiteElo "2178"]
[BlackElo "1944"]
[PlyCount "61"]
[EventDate "2015.10.24"]
[EventType "team-tourn"]
[EventRounds "11"]
[EventCountry "SVK"]
[SourceTitle "CBM 170 Extra"]
[Source "ChessBase"]
[SourceDate "2016.02.25"]
[SourceVersion "1"]
[SourceVersionDate "2016.02.25"]
[SourceQuality "1"]
[WhiteTeam "Gabcikovo"]
[BlackTeam "Bratislava Lokomotiva"]
[WhiteTeamCountry "SVK"]
[BlackTeamCountry "SVK"]

1. e4 e6 2. d4 d5 3. Nc3 Bb4 4. e5 c5 5. Qg4 g6 6. dxc5 Bxc3+ 7. bxc3 Qc7 8. Nf3 Qxc5 9. Bd2 Bd7 10. Bd3 Nc6 11. 0-0 0-0-0 12. a4 f5 13. Qf4 h6 14. Rfb1 g5 15. Qe3 Qxe3 16. Bxe3 Nge7 17. Nd4 f4 18. Nxc6 Nxc6 19. Bc5 Nxe5 20. Bd4 Nc6 21. Bxh8 Rxh8 22. Re1 e5 23. f3 Kc7 24. c4 d4 25. Be4 Kd6 26. Rab1 b6 27. Rbd1 Na5 28. c3 Bxa4 29. Rd2 Nxc4 30. Ra2 b5 31. Bd3 1/2-1/2